Juanito y los fríjoles mágicos / (Registro nro. 15592)
[ vista simple ]
| 000 -LEADER | |
|---|---|
| fixed length control field | 01146nam a22002777a 4500 |
| 003 - CONTROL NUMBER IDENTIFIER | |
| control field | OSt |
| 005 - DATE AND TIME OF LATEST TRANSACTION | |
| control field | 20210914172155.0 |
| 008 - FIXED-LENGTH DATA ELEMENTS--GENERAL INFORMATION | |
| fixed length control field | 210914b2008 ck a|||br|||| 00| j spa d |
| 020 ## - INTERNATIONAL STANDARD BOOK NUMBER | |
| International Standard Book Number | 9789588471006 |
| 040 ## - CATALOGING SOURCE | |
| Original cataloging agency | CO-JMCR |
| Transcribing agency | CO-JMCR |
| 041 1# - LANGUAGE CODE | |
| Language code of text/sound track or separate title | spa |
| Language code of original | eng |
| 082 04 - DEWEY DECIMAL CLASSIFICATION NUMBER | |
| Classification number | C / |
| Item number | JACj |
| Edition number | 23 |
| 100 1# - MAIN ENTRY--PERSONAL NAME | |
| Personal name | Jacobs, Joseph, |
| Relator term | autor |
| 9 (RLIN) | 40383 |
| 245 10 - TITLE STATEMENT | |
| Title | Juanito y los fríjoles mágicos / |
| Statement of responsibility, etc. | versión de Joseph Jacobs ; traducido por María Candelaria Posada ; ilustrado por Olga Cuéllar |
| 260 ## - PUBLICATION, DISTRIBUTION, ETC. | |
| Place of publication, distribution, etc. | Bogotá : |
| Name of publisher, distributor, etc. | Alcaldía Mayor de Bogotá : Secretaría Distrital de Cultura, Recreación y Deporte : Fundación Gilberto Alzate Avendaño, |
| Date of publication, distribution, etc. | 2008 |
| 300 ## - PHYSICAL DESCRIPTION | |
| Extent | 51 páginas : |
| Other physical details | ilustraciones a blanco y negro ; |
| Dimensions | 17 cm. |
| 490 0# - SERIES STATEMENT | |
| Series statement | Libro al viento ; |
| Volume/sequential designation | 48 |
| 546 ## - LANGUAGE NOTE | |
| Language note | Traducido del inglés. |
| 650 14 - SUBJECT ADDED ENTRY--TOPICAL TERM | |
| Topical term or geographic name entry element | Cuentos infantiles ingleses |
| Chronological subdivision | Siglos XIX-XX |
| 9 (RLIN) | 40384 |
| 650 24 - SUBJECT ADDED ENTRY--TOPICAL TERM | |
| Topical term or geographic name entry element | Literatura infantil inglesa |
| Chronological subdivision | Siglos XIX-XX |
| 9 (RLIN) | 40385 |
| 650 24 - SUBJECT ADDED ENTRY--TOPICAL TERM | |
| Topical term or geographic name entry element | Literatura infantil |
| 9 (RLIN) | 40386 |
| 650 24 - SUBJECT ADDED ENTRY--TOPICAL TERM | |
| Topical term or geographic name entry element | Gigantes en la literatura |
| 9 (RLIN) | 40387 |
| 700 1# - ADDED ENTRY--PERSONAL NAME | |
| Personal name | Posada, María Candelaria, |
| Relator term | traductora |
| 9 (RLIN) | 40388 |
| 700 1# - ADDED ENTRY--PERSONAL NAME | |
| Personal name | Cuéllar, Olga, |
| Relator term | ilustradora |
| 9 (RLIN) | 1085 |
| 942 ## - ADDED ENTRY ELEMENTS (KOHA) | |
| Source of classification or shelving scheme | Dewey Decimal Classification |
| Koha item type | Books |
| Withdrawn status | Lost status | Source of classification or shelving scheme | Damaged status | Not for loan | Collection code | Home library | Current library | Date acquired | Source of acquisition | Total Checkouts | Full call number | Barcode | Date last seen | Date last checked out | Copy number | Price effective from | Koha item type |
|---|---|---|---|---|---|---|---|---|---|---|---|---|---|---|---|---|---|
| Dewey Decimal Classification | Fiction | Biblioteca Pública José María del Castillo y Rada | Biblioteca Pública José María del Castillo y Rada | 08/04/2021 | Donación | 2 | C / JACj | 201811046 | 05/07/2024 | 05/07/2024 | Ej.1 | 09/14/2021 | Books |